000 01376nam a22002297a 4500
999 _c6472
_d6472
003 AR-CdUCM
008 190318b ||||| |||| 00| 0 spa d
040 _aMUNICIPALIDAD PROVINCIAL DEL CUSCO
_cBIBLIOTECA MUNICIPAL DEL CUSCO
082 _a030 /
_bEN56
110 _aEncyclopaedia Britannica, inc.
_918337
245 _aEnciclopedia Barsa de consulta fácil :
_bPreparada con el asesoramiento del cuerpo de redacción de la encyclopaedia Britannica /
260 _aBuenos Aires ; Chicago ; México :
_bEncyclopaedia Britannica,
_c1967.
300 _a16 tomos ;
_bilustraciones, retratos, laminas, diagramas, mapas,
_c26 cm.
500 _aTextos a tres columnas.
505 _aContenido: t.1: Indice enciclopédico -- t.2: Aarón-Armadillo -- t.3: Armadura-Bolsa -- t.4: Bomba-Cinematógrafo -- t.5: Cínicos-Diente de León -- t.6: Dientes-Familia -- t.7: Fanfarria-Guayacán -- t.8: Guayanas-Inglaterra -- t.9: Inglesa, Lengua-Londres -- t.10: Longfellow, Enrique W.- Muérdago -- t.11: Muerto, mar-Pericles -- t.12: Perico ligero-Ramiro -- t.13: Ramón Berenguer-Solar, Sistema -- t.14: Soldadura-Uruguay -- t.15: Usufructo-Zweig, Esteban y Atlas -- t.16: Guías de lecturas.
650 _aEnciclopedias
_96681
650 _aDiccionarios
_95105
650 _aCultura general
_96239
700 _aBenton, William (editor)
_918338
942 _2ddc
_cLIBROS
945 _aachl